000 00452nam a22001457a 4500
005 20120411131349.0
020 _c00.00
035 _a569416
037 _aDPL
_bENG
100 _aSmelson, M.
_944962
245 _aSociology an intro /
_cby M. Smelson
300 _a744p.
_c18 cms.
942 _2ddc
_cEN
_h301
_mSMI
999 _c64866
_d64866